<?xml version="1.0" encoding="UTF-8"?>
<marc:record xmlns:marc="http://www.loc.gov/MARC21/slim">
   <marc:leader>00000nam a2200000 a 4500</marc:leader>
   <marc:datafield ind1=" " ind2=" " tag="653">
      <marc:subfield code="a">DVD-Video</marc:subfield>
   </marc:datafield>
   <marc:datafield ind1=" " ind2=" " tag="653">
      <marc:subfield code="a">Phantastischer Film, Science Fiction- und Utopischer Film, Mystik (Spielfilme auf DVD)</marc:subfield>
   </marc:datafield>
   <marc:datafield ind1="0" ind2="0" tag="245">
      <marc:subfield code="a">Swiss Army Man</marc:subfield>
   </marc:datafield>
   <marc:datafield ind1=" " ind2="1" tag="264">
      <marc:subfield code="b">Koch Media GmbH </marc:subfield>
      <marc:subfield code="c">2017</marc:subfield>
   </marc:datafield>
   <marc:datafield ind1="1" ind2=" " tag="520">
      <marc:subfield code="a">Darsteller: Paul Dano, Daniel Radcliffe, Mary Elizabeth Winstead, Antonia Ribero, Timothy Eulich
Komponist: Andy Hull, Robert McDowell
Hank ist auf einer einsamen Insel gestrandet. Völlig desillusioniert von seiner Situation beschließt er sich das Leben zu nehmen. Als er schon am Strick hängt, entdeckt er am Strand einen weiteren angespülten Körper. Blöd nur, dass dieser, von ihm Manny getaufte Mann, tot ist. Bald jedoch entdeckt Hank, dass Manny deswegen aber noch lange nicht leblos ist. Nicht nur, dass Hank sich endlich wieder mit jemandem unterhalten kann, dank der außergewöhnlichen, übermenschlichen Fähigkeiten von Manny naht auch die Rettung. </marc:subfield>
   </marc:datafield>
   <marc:datafield ind1="3" ind2=" " tag="024">
      <marc:subfield code="a">4020628820992</marc:subfield>
   </marc:datafield>
</marc:record>
